La espacialidad de la intersección: una lectura poscolonial de la economía popular en Argentina /

Gespeichert in:
Bibliographische Detailangaben
1. Verfasser: Palumbo, María Mercedes (Autora)
Format: Buch
Sprache:Spanish
Tags: Tag hinzufügen
Keine Tags, Fügen Sie den ersten Tag hinzu!

MARC

LEADER 00000nam a22000007a 4500
003 cru IIS
005 20220728144748.0
007 ta
008 220728s2020 cr |||p|r|||| 00| 0 spa d
040 |c cru IIS 
100 1 |9 10635  |a Palumbo, María Mercedes   |e Autora 
245 1 3 |a La espacialidad de la intersección:   |b una lectura poscolonial de la economía popular en Argentina /  |c María Mercedes Palumbo 
300 |a páginas 33-46 
773 0 |0 18728  |9 7625  |a Universidad de Costa Rica.   |d San José, Costa Rica Editorial UCR 1959-  |o 23634  |t Revista de Ciencias Sociales/  |x 04825276 
942 |2 ddc  |c PP 
999 |c 44443  |d 44443